Archäologische Untersuchungen auf Greifswalder Bestattungsplätzen

Titel: Archäologische Untersuchungen auf Greifswalder Bestattungsplätzen / Jörg Ansorge
Verfasser:
In: Greifswalder Beiträge zur Stadtgeschichte, Denkmalpflege, Stadtsanierung, Band 12 (2018), Seite 22-32
alle Artikel anzeigen
Veröffentlicht: 2018
Umfang: Illustrationen
Format: Aufsatz
Sprache: Deutsch
Schlagworte:
Kein Bild verfügbar
X
alg: 44969958
001A    $03025:12-06-19 
001B    $03025:14-06-19 $t12:28:01.000 
001D    $03025:12-06-19 
001U    $0utf8 
001X    $00 
002@    $0Oou 
002C    $aText $btxt $2rdacontent 
002D    $aComputermedien $bc $2rdamedia 
002E    $aOnline-Ressource $bcr $2rdacarrier 
003@    $0449699587 
007A    $0449699587 $aHEB 
009Q    $uhttps://www.greifswald.de/de/.galleries/Amt-60-Stadtbauamt/Greifswalder-Beitraege/Greifswalder-Beitraege-2018-Jahrgang-12-Sonderheft.pdf $xH 
010@    $ager 
010E    $erda 
011@    $a2018 
021A    $aArchäologische Untersuchungen auf Greifswalder Bestattungsplätzen $hJörg Ansorge 
028A    $BVerfasser $4aut $71129126056 $8Ansorge, Jörg$Z1965- [Tp1] $9401250407 
031A    $d12 $h22-32 $j2018 
034M    $aIllustrationen 
039B    $aEnthalten in $8--Obvc--. Greifswalder Beiträge zur Stadtgeschichte, Denkmalpflege, Stadtsanierung. - Greifswald : Der Oberbürgermeister, Stadtbauamt, [2016]-. - Online-Ressource $x201800000120000978 $942852964X 
044K    $#Greifswald $#Gryphisvaldia $#Universitäts- und Hansestadt Greifswald $#Hansestadt Greifswald $#Gryphiswaldiae $#Greifsvaldas $#Gryfia $#Gryphia $74021965-3 $8Greifswald [Tg1] $9085053651 
044K    $RGräberfeld $RGrabmal $RGrab $#Cemeteries $#Cimetières $#Cimiteri $#Necrópolis $#Friedhof $#Gottesacker $#Kirchhof $#Friedhöfe $74018537-0 $8Friedhof [Ts1] $9085043907 
044K    $RBodendenkmal $RFunde $#Excavations (Archaeology) $#Fouilles archéologiques $#Scavi archeologici $#Excavaciones arqueológicas $#Excavación $#Grabung $#Archäologische Grabung $#Ausgrabungen $#Grabungen $74129464-6 $8Ausgrabung [Tsz] $9085453749 
045F    $a307.0943170902 $eDDC23BSB 
045F/01 $a307.09 
045F/03 $f0902 
045F/03 $g4317 
045G    $a307.0943170903 $eDDC23BSB 
045G/01 $a307.09 
045G/03 $f0903 
045G/03 $g4317 
045R    $aStadtgeschichte 600-1900 

lok: 44969958 78

exp: 44969958 78 1 #EPN
201B/01 $012-06-19 $t13:02:51.000 
201C/01 $012-06-19 
201U/01 $0utf8 
203@/01 $01053330308 
208@/01 $a12-06-19 $be 
209A/01 $a/ $f000 $x00 
209A/01 $ab*p $x01 
220C/01 $ayam 
247C/01 $82080>Marburg/Lahn, Herder-Institut, Forschungsbibliothek, Bibliographieportal $9336309341
LEADER 00000caa a2200000 c 4500
001 449699587
003 DE-603
005 20190614122801.0
007 cr||||||||||||
008 190612s2018 xx |||| o| u00||u|ger c
035 |a (DE-599)HEB449699587 
040 |a DE-603  |b ger  |c DE-603  |d DE-603  |e rda 
041 |a ger 
082 0 4 |8 1\u  |a 307.0943170902  |q DE-101  |2 23/BSB 
083 0 |8 2\u  |a 307.0943170903  |q DE-101  |2 23/BSB 
085 |8 1\u  |b 307.09 
085 |8 1\u  |z 1  |s 0902 
085 |8 1\u  |z 2  |s 4317 
085 |8 2\u  |b 307.09 
085 |8 2\u  |z 1  |s 0903 
085 |8 2\u  |z 2  |s 4317 
100 1 |a Ansorge, Jörg  |d 1965-  |e Verfasser  |4 aut  |0 (DE-603)401250407  |0 (DE-588)1129126056  |2 gnd 
245 0 0 |a Archäologische Untersuchungen auf Greifswalder Bestattungsplätzen  |c Jörg Ansorge 
264 0 |c 2018 
300 |b Illustrationen 
336 |a Text  |b txt  |2 rdacontent 
337 |a Computermedien  |b c  |2 rdamedia 
338 |a Online-Ressource  |b cr  |2 rdacarrier 
648 7 |a Stadtgeschichte 600-1900  |2 gnd 
650 7 |a Friedhof  |0 (DE-588)4018537-0  |0 (DE-603)085043907  |2 gnd 
650 7 |a Ausgrabung  |0 (DE-588)4129464-6  |0 (DE-603)085453749  |2 gnd 
651 7 |a Greifswald  |0 (DE-588)4021965-3  |0 (DE-603)085053651  |2 gnd 
773 0 8 |i Enthalten in  |t Greifswalder Beiträge zur Stadtgeschichte, Denkmalpflege, Stadtsanierung  |d Greifswald : Der Oberbürgermeister, Stadtbauamt, [2016]-  |h Online-Ressource  |g Band 12 (2018), Seite 22-32  |w (DE-603)42852964X  |w (DE-600)2926907-6 
856 |u https://www.greifswald.de/de/.galleries/Amt-60-Stadtbauamt/Greifswalder-Beitraege/Greifswalder-Beitraege-2018-Jahrgang-12-Sonderheft.pdf  |x Verlag 
924 1 |9 2080  |a (DE-603)1053330308  |b DE-2080  |c HES  |d d  |g /